[Event "30th Andorra Open"]
[Site "Erts-La Massana AND"]
[Date "2012.07.21"]
[Round "1.1"]
[White "Lillo Ferrer, Jose Maria M."]
[Black "Georgiev, Kiril"]
[Result "0-1"]
[BlackTitle "GM"]
[WhiteElo "2127"]
[BlackElo "2680"]
[WhiteFideId "2210002"]
[BlackFideId "2900017"]
[EventDate "2012.07.21"]

1. g3 d5 2. Bg2 e5 3. d3 Nc6 4. Nd2 Nf6 5. a3 Bc5 6. e3 a5 7. b3 Bg4 8. Ne2 Qd7
9. h3 Be6 10. Bb2 Bd6 11. c4 O-O 12. Qc2 Rfe8 13. Nf3 d4 14. e4 Nxe4 15. dxe4 d3
16. Qd1 dxe2 17. Qxe2 f6 18. h4 a4 19. b4 Nxb4 20. O-O-O Na6 21. Ne1 Qc6 22. Rd5
b5 23. Kc2 bxc4 24. Bc3 Nc5 0-1

[Event "30th Andorra Open"]
[Site "Erts-La Massana AND"]
[Date "2012.07.21"]
[Round "1.5"]
[White "Fernandez Lopez, Joan"]
[Black "Iturrizaga, Eduardo"]
[Result "0-1"]
[BlackTitle "GM"]
[WhiteElo "2090"]
[BlackElo "2628"]
[WhiteFideId "6900348"]
[BlackFideId "3901211"]
[EventDate "2012.07.21"]

1. e4 c5 2. Nf3 g6 3. d4 cxd4 4. Nxd4 Nc6 5. Nc3 Bg7 6. Be3 Nf6 7. Bc4 O-O 8.
Bb3 d6 9. f3 Bd7 10. Qd2 Nxd4 11. Bxd4 b5 12. Nd5 Nxd5 13. Bxd5 Bxd4 14. Qxd4
Rc8 15. c3 a5 16. a3 Bc6 17. Bb3 e5 18. Qf2 Kh8 19. Rd1 f5 20. exf5 gxf5 21. Bd5
Be8 22. O-O f4 23. g4 fxg3 24. hxg3 Rc7 25. Kg2 Rg7 26. Rh1 Bg6 27. Qe3 Qc7 28.
Rh6 Rf6 29. Be4 Qf7 30. Rdh1 Bxe4 31. Qxe4 Rxh6 32. Rxh6 Rxg3+ 33. Kxg3 Qg7+ 34.
Kf2 Qxh6 35. Qa8+ Kg7 36. Qb7+ Kf6 37. Qd7 Qd2+ 38. Kf1 Qd5 39. Kg2 h5 40. Qd8+
Kg6 41. Qe8+ Kg5 42. Qe7+ Kf4 43. Qh4+ Ke3 44. Qxh5 Kd2 45. Qg6 Kc1 46. b3 Kb2
47. c4 Qd2+ 48. Kh3 bxc4 49. bxc4 Kxa3 50. Qb1 a4 0-1

[Event "30th Andorra Open"]
[Site "Erts-La Massana AND"]
[Date "2012.07.21"]
[Round "1.6"]
[White "Peralta, Fernando"]
[Black "Kulago, Alexander"]
[Result "1-0"]
[WhiteTitle "GM"]
[BlackTitle "FM"]
[WhiteElo "2602"]
[BlackElo "2082"]
[WhiteFideId "105309"]
[BlackFideId "24103950"]
[EventDate "2012.07.21"]

1. d4 d5 2. c4 e6 3. Nc3 Nf6 4. cxd5 exd5 5. Bg5 c6 6. Qc2 Be7 7. e3 Nbd7 8. Bd3
Nh5 9. Bxe7 Qxe7 10. O-O-O Nb6 11. Nf3 g6 12. h3 Ng7 13. g4 Be6 14. Kb1 O-O-O
15. Na4 h5 16. Ne5 Nd7 17. Nxc6 bxc6 18. Qxc6+ Kb8 19. Ba6 Nb6 20. Nxb6 axb6 21.
Qxb6+ Ka8 22. Rc1 Rb8 23. Qa5 Qd8 24. Rc7 Rb7 25. Bxb7+ Kb8 26. Bc6 1-0

[Event "30th Andorra Open"]
[Site "Erts-La Massana AND"]
[Date "2012.07.21"]
[Round "1.8"]
[White "Solodovnichenko, Yuri"]
[Black "Basas Gamazo, Josep"]
[Result "1-0"]
[WhiteTitle "GM"]
[WhiteElo "2598"]
[BlackElo "2033"]
[WhiteFideId "14104369"]
[BlackFideId "2212200"]
[EventDate "2012.07.21"]

1. e4 c5 2. Nc3 d6 3. f4 Nc6 4. Nf3 g6 5. Bb5 Bg7 6. O-O Nf6 7. d3 O-O 8. Bxc6
bxc6 9. Qe1 Rb8 10. b3 Bg4 11. Bd2 Nh5 12. Nh4 Bd7 13. f5 e6 14. g4 Bf6 15. Nf3
Ng7 16. e5 Bxe5 17. Nxe5 dxe5 18. f6 Ne8 19. Ne4 Kh8 20. Qh4 1-0

[Event "30th Andorra Open"]
[Site "Erts-La Massana AND"]
[Date "2012.07.21"]
[Round "1.9"]
[White "Mateu Guiu, Esteve"]
[Black "Kogan, Artur"]
[Result "1/2-1/2"]
[BlackTitle "GM"]
[WhiteElo "2019"]
[BlackElo "2587"]
[WhiteFideId "22270728"]
[BlackFideId "2800802"]
[EventDate "2012.07.21"]

1. e4 c5 2. Nf3 d6 3. d4 cxd4 4. Nxd4 Nf6 5. Nc3 Nbd7 6. f3 Nb6 7. Be3 a6 8. Qd2
e5 9. Nb3 Be6 10. O-O-O Rc8 11. g4 Be7 12. h4 Qc7 13. Kb1 O-O 14. h5 Nfd7 15. g5
f5 16. gxf6 Nxf6 17. Qg2 Rf7 18. Qg1 Na4 19. Bd2 d5 20. Bd3 Nxc3+ 21. Bxc3 dxe4
22. fxe4 Ng4 23. Rf1 Rxf1+ 24. Bxf1 Qd7 25. Be2 Bd6 26. Qg3 Rf8 27. Rg1 Rf4 28.
Bd3 Qf7 29. Bd2 Rf2 30. Be1 Rf3 31. Qh4 Be7 32. Qh1 Ne3 33. Rg3 Bg4 34. Rxf3
Qxf3 35. Qxf3 Bxf3 36. Bd2 Ng2 37. Bc3 Bxh5 38. Bxe5 Bg4 39. Na5 b5 40. c4 Bd7
41. Nb3 Ne1 42. Be2 Bc6 43. cxb5 axb5 44. Kc1 b4 45. Kd2 Ng2 46. Bc4+ Kh8 47.
Bd5 Bg5+ 48. Ke2 Bb5+ 49. Kf3 Ne1+ 50. Kg4 Bf6 51. Bxf6 gxf6 52. Nd4 Bd7+ 53.
Kh5 Nd3 54. a3 Be8+ 55. Kh4 Kg7 56. axb4 Nxb4 57. Bc4 Bg6 58. Nf5+ Kf8 59. Kg4
Nc6 60. Bd5 Ne5+ 61. Kg3 Nd3 62. b3 Ke8 63. Nh4 Bf7 64. Kg4 Bg6 65. Nxg6 hxg6
66. Bc4 Ne5+ 67. Kf4 Ke7 68. Be2 Kd6 69. b4 Nc6 70. b5 Na5 71. Bd3 g5+ 72. Kg4
Nb3 73. Kf5 Ke7 74. e5 Nd4+ 75. Ke4 Nxb5 1/2-1/2

[Event "30th Andorra Open"]
[Site "Erts-La Massana AND"]
[Date "2012.07.21"]
[Round "1.10"]
[White "Dgebuadze, Alexandre"]
[Black "Gil Quilez, Sonia"]
[Result "1-0"]
[WhiteTitle "GM"]
[WhiteElo "2563"]
[BlackElo "2013"]
[WhiteFideId "203882"]
[BlackFideId "2263980"]
[EventDate "2012.07.21"]

1. e4 c5 2. Nf3 Nc6 3. c3 d5 4. exd5 Qxd5 5. d4 Bg4 6. Be2 cxd4 7. cxd4 e6 8.
Nc3 Qd8 9. Qa4 Nf6 10. Bg5 Bxf3 11. Bxf3 Qd7 12. Bxf6 gxf6 13. Rd1 Bb4 14. O-O
Bxc3 15. bxc3 Nd8 16. Qa3 Rc8 17. d5 e5 18. Rfe1 Rg8 19. Be4 f5 20. Bf3 f6 21.
Bh5+ Nf7 22. Qxa7 Rxc3 23. Rb1 Rc7 24. Qb8+ Rc8 25. Qxb7 Rg7 26. Qa6 Rg5 27.
Bxf7+ Kxf7 28. Rb7 Rc7 29. Qe6+ Qxe6 30. dxe6+ 1-0

[Event "30th Andorra Open"]
[Site "Erts-La Massana AND"]
[Date "2012.07.21"]
[Round "1.11"]
[White "Diaz Munoz, Sergi"]
[Black "Arizmendi Martinez, Julen Luis"]
[Result "0-1"]
[BlackTitle "GM"]
[WhiteElo "2011"]
[BlackElo "2559"]
[WhiteFideId "2270692"]
[BlackFideId "2205092"]
[EventDate "2012.07.21"]

1. e4 e6 2. d4 d5 3. Nd2 h6 4. Bd3 c5 5. c3 cxd4 6. cxd4 dxe4 7. Nxe4 Bb4+ 8.
Nc3 Nf6 9. Nf3 O-O 10. O-O b6 11. Ne4 Bb7 12. Nxf6+ Qxf6 13. Ne5 Rd8 14. Qh5
Rxd4 15. Ng4 Qd8 16. Ne5 Qe7 17. Bxh6 Rh4 18. Qg5 Rxh6 0-1

[Event "30th Andorra Open"]
[Site "Erts-La Massana AND"]
[Date "2012.07.21"]
[Round "1.15"]
[White "Verhelst, Joris"]
[Black "Narciso Dublan, Marc"]
[Result "0-1"]
[BlackTitle "GM"]
[WhiteElo "1963"]
[BlackElo "2539"]
[WhiteFideId "210579"]
[BlackFideId "2201500"]
[EventDate "2012.07.21"]

1. c4 e6 2. g3 d5 3. Bg2 Nf6 4. Nf3 g6 5. b3 Bg7 6. Bb2 O-O 7. O-O Nbd7 8. d3 b6
9. Nc3 Bb7 10. Qc2 c5 11. Nd2 Qe7 12. e4 dxe4 13. dxe4 Ne5 14. Ne2 Nc6 15. Rad1
Rad8 16. h3 e5 17. f4 Nb4 18. Qb1 Nd3 19. Ba1 exf4 20. Nxf4 Nxf4 21. gxf4 Nh5
22. Bxg7 Kxg7 23. f5 Qg5 24. Nf3 Qe3+ 25. Kh2 Qf4+ 26. Kg1 Qe3+ 27. Kh2 Rxd1 28.
Qxd1 Bxe4 29. fxg6 hxg6 30. Qd2 Qxd2 31. Nxd2 Bxg2 32. Kxg2 Re8 33. Nb1 Re2+ 34.
Rf2 Nf4+ 35. Kf3 Rxf2+ 36. Kxf2 Nxh3+ 37. Ke3 Ng5 38. Nc3 Ne6 39. Nb5 a6 40. Nc3
Nf8 0-1

[Event "30th Andorra Open"]
[Site "Erts-La Massana AND"]
[Date "2012.07.21"]
[Round "1.16"]
[White "Berczes, David"]
[Black "Sesma Merino, Alvaro"]
[Result "1-0"]
[WhiteTitle "GM"]
[WhiteElo "2530"]
[BlackElo "1957"]
[WhiteFideId "722960"]
[BlackFideId "2248735"]
[EventDate "2012.07.21"]

1. d4 Nf6 2. Nf3 d6 3. c4 g6 4. Nc3 Bg7 5. g3 O-O 6. Bg2 Nc6 7. O-O e5 8. d5 Ne7
9. e4 Bg4 10. h3 Bxf3 11. Bxf3 Nd7 12. h4 f5 13. Kg2 Nc5 14. h5 a5 15. hxg6 hxg6
16. Rh1 Kf7 17. Be3 Rh8 18. Rxh8 Bxh8 19. a3 f4 20. gxf4 exf4 21. Bxf4 Bxc3 22.
bxc3 Qh8 23. Qd4 g5 24. Rh1 Qxd4 25. cxd4 gxf4 26. Rh7+ Kf6 27. e5+ dxe5 28.
dxc5 Nf5 29. Be4 Rg8+ 30. Kf1 Rc8 31. Rh5 Ng7 32. Rh6+ Kg5 33. Rg6+ 1-0

[Event "30th Andorra Open"]
[Site "Erts-La Massana AND"]
[Date "2012.07.21"]
[Round "1.17"]
[White "Georgieva, Emilia"]
[Black "Zoler, Dan"]
[Result "0-1"]
[BlackTitle "GM"]
[WhiteElo "1951"]
[BlackElo "2527"]
[WhiteFideId "2902451"]
[BlackFideId "2800705"]
[EventDate "2012.07.21"]

1. d4 Nf6 2. Nf3 g6 3. c3 Bg7 4. Bf4 O-O 5. Nbd2 d6 6. Qb3 b6 7. e4 c5 8. Bc4
Nc6 9. Qc2 cxd4 10. cxd4 Bb7 11. O-O d5 12. exd5 Nxd5 13. Be3 Rc8 14. Qe4 Nxe3
15. fxe3 Na5 16. Bxf7+ Rxf7 17. Qh4 e5 18. Ng5 Rxf1+ 19. Rxf1 h6 20. Ndf3 exd4
21. Qg4 Qe7 22. exd4 hxg5 23. Nxg5 Qe3+ 24. Kh1 Rc1 0-1

[Event "30th Andorra Open"]
[Site "Erts-La Massana AND"]
[Date "2012.07.21"]
[Round "1.18"]
[White "Comas Fabrego, Lluis"]
[Black "Bas Mas, Miguel"]
[Result "1-0"]
[WhiteTitle "GM"]
[WhiteElo "2514"]
[BlackElo "1927"]
[WhiteFideId "2200325"]
[BlackFideId "2237954"]
[EventDate "2012.07.21"]

1. d4 Nf6 2. c4 d6 3. Nf3 Nbd7 4. Nc3 e5 5. Bg5 Be7 6. e3 c6 7. Qc2 O-O 8. Bd3
h6 9. Bh4 Qc7 10. O-O Re8 11. h3 Bf8 12. Bg3 g5 13. Rad1 Bg7 14. Bf5 Nf8 15. c5
Bxf5 16. Qxf5 Nh5 17. Bh2 dxc5 18. dxe5 Bh8 19. Ne4 1-0

[Event "30th Andorra Open"]
[Site "Erts-La Massana AND"]
[Date "2012.07.21"]
[Round "1.20"]
[White "Norwood, David R"]
[Black "Garcia-Blazquez Perez, Manuel"]
[Result "1-0"]
[WhiteTitle "GM"]
[WhiteElo "2494"]
[BlackElo "1909"]
[WhiteFideId "400106"]
[BlackFideId "2269937"]
[EventDate "2012.07.21"]

1. c4 Nf6 2. g3 e6 3. Bg2 d5 4. Nf3 dxc4 5. Na3 Bxa3 6. bxa3 O-O 7. Qc2 b5 8.
Bb2 Nd5 9. O-O Bb7 10. d3 cxd3 11. Qxd3 Nd7 12. Qxb5 Rb8 13. Qa4 Bc6 14. Qc2 Bb5
15. Rab1 c5 16. h4 h6 17. Ne5 Nxe5 18. Bxe5 Rb6 19. Rfc1 Qd7 20. e4 f6 21. exd5
fxe5 22. Qxc5 exd5 23. Bxd5+ Kh8 24. Qxf8+ 1-0

[Event "30th Andorra Open"]
[Site "Erts-La Massana AND"]
[Date "2012.07.22"]
[Round "2.1"]
[White "Georgiev, Kiril"]
[Black "Ostos, Julio"]
[Result "1-0"]
[WhiteTitle "GM"]
[BlackTitle "IM"]
[WhiteElo "2680"]
[BlackElo "2345"]
[WhiteFideId "2900017"]
[BlackFideId "3900053"]
[EventDate "2012.07.22"]

1. d4 Nf6 2. Nf3 c5 3. d5 d6 4. Nc3 g6 5. e4 Bg7 6. Bb5+ Nfd7 7. a4 Na6 8. O-O
O-O 9. Re1 Nc7 10. Bf1 b6 11. Bf4 a6 12. Qd2 Rb8 13. Bh6 Ne5 14. Nxe5 dxe5 15.
Nd1 Qd6 16. Bxg7 Kxg7 17. Ne3 b5 18. axb5 axb5 19. Ra7 Bd7 20. Qc3 f6 21. b4 Na6
22. Rxa6 Qxa6 23. bxc5 b4 24. Bxa6 bxc3 25. c6 Bc8 26. Bd3 f5 27. f3 f4 28. Nc4
Kf6 29. Ra1 g5 30. g4 h5 31. h3 hxg4 32. fxg4 Rh8 33. Kg2 Rh4 34. c7 Rb4 35. Ra8
Rh8 36. Rb8 Rb7 37. Rxb7 Bxb7 38. Nb6 Kg7 39. Bb5 Bc8 40. Kf2 1-0

[Event "30th Andorra Open"]
[Site "Erts-La Massana AND"]
[Date "2012.07.22"]
[Round "2.5"]
[White "Iturrizaga, Eduardo"]
[Black "Hernandez Sanchez, Jairo Andres"]
[Result "1-0"]
[WhiteTitle "GM"]
[BlackTitle "FM"]
[WhiteElo "2628"]
[BlackElo "2288"]
[WhiteFideId "3901211"]
[BlackFideId "4404017"]
[EventDate "2012.07.22"]

1. Nf3 c5 2. c4 g6 3. Nc3 Bg7 4. g3 Nc6 5. Bg2 d6 6. O-O e6 7. a3 Nge7 8. b4
cxb4 9. axb4 Nxb4 10. Ba3 Nbc6 11. Ne4 O-O 12. Nxd6 Nf5 13. Nxf5 exf5 14. d4 Re8
15. e3 Bd7 16. Nd2 Rc8 17. Qb1 b6 18. c5 Be6 19. cxb6 axb6 20. Rc1 Bd5 21. Qb5
Bxg2 22. Kxg2 Qd7 23. h3 Qb7 24. Qd5 Red8 25. Qf3 b5 26. Ra2 b4 27. Bxb4 Qxb4
28. Rxc6 Ra8 29. Rxa8 Rxa8 30. Rc7 Ra2 31. Qd5 1-0

[Event "30th Andorra Open"]
[Site "Erts-La Massana AND"]
[Date "2012.07.22"]
[Round "2.6"]
[White "Lillo Castay, Victor"]
[Black "Peralta, Fernando"]
[Result "0-1"]
[WhiteTitle "FM"]
[BlackTitle "GM"]
[WhiteElo "2273"]
[BlackElo "2602"]
[WhiteFideId "2278995"]
[BlackFideId "105309"]
[EventDate "2012.07.22"]

1. e4 c6 2. Nc3 d5 3. Nf3 Bg4 4. h3 Bxf3 5. Qxf3 Nf6 6. d3 e6 7. Bd2 Bb4 8. e5
Nfd7 9. Qg4 Bf8 10. f4 g6 11. h4 h5 12. Qh3 c5 13. O-O-O Be7 14. Kb1 Nc6 15. g4
Nd4 16. Bg2 Nb6 17. Be1 Qd7 18. Bf2 O-O-O 19. g5 Kb8 20. Rhe1 Rc8 21. Qh1 Na4
22. Nxa4 Qxa4 23. b3 Qa3 24. c4 Nxb3 25. Re2 Nd4 26. Rb2 Rc6 27. cxd5 exd5 28.
Bxd5 Rb6 29. Rxb6 axb6 30. Bxd4 cxd4 31. Bxb7 Qb4+ 32. Ka1 Qc3+ 33. Kb1 Ba3 34.
Qg2 Ka7 35. f5 Qb4+ 36. Ka1 Qc3+ 37. Kb1 Rb8 38. Qc2 Qxc2+ 39. Kxc2 Kxb7 40. Kb3
Bc5 41. fxg6 fxg6 42. Rf1 Re8 43. Rf6 Rxe5 44. Rxg6 Re3 45. Kc4 Rh3 46. a4 Ka6
47. Rg8 Rxh4 48. g6 Rg4 49. g7 Kb7 50. Kd5 Ba3 51. Rh8 Rxg7 52. Rxh5 Bb2 53. Kc4
Ka6 54. Kb3 Bc3 55. Rf5 Rg1 56. Rh5 Rb1+ 57. Ka2 Rd1 0-1

[Event "30th Andorra Open"]
[Site "Erts-La Massana AND"]
[Date "2012.07.22"]
[Round "2.7"]
[White "Illescas Cordoba, Miguel"]
[Black "Fuchs, Judith"]
[Result "1-0"]
[WhiteTitle "GM"]
[BlackTitle "WIM"]
[WhiteElo "2601"]
[BlackElo "2268"]
[WhiteFideId "2200015"]
[BlackFideId "24605611"]
[EventDate "2012.07.22"]

1. e4 c6 2. d4 d5 3. e5 c5 4. dxc5 Nc6 5. Nf3 Bg4 6. Bb5 Qa5+ 7. Nc3 e6 8. Bd2
Qc7 9. Be3 Ne7 10. h3 Bxf3 11. Qxf3 Rd8 12. O-O-O Ng6 13. Bd4 Be7 14. Qe3 O-O
15. Bxc6 bxc6 16. f4 Rfe8 17. Ne2 Rb8 18. Kb1 Rb5 19. Nc1 Reb8 20. Nd3 Nf8 21.
Rc1 Qc8 22. c4 dxc4 23. Rxc4 Qa6 24. Rhc1 Ng6 25. b3 Bf8 26. Bb2 Ne7 27. Ra4 Qb7
28. g4 Nd5 29. Qe4 Be7 30. h4 Qd7 31. h5 Bd8 32. Rd4 Qb7 33. Rc2 Qa6 34. Ra4 Qb7
35. Rac4 Qa6 36. Bc1 Ba5 37. Bb2 Bd8 38. Qd4 Be7 39. Bc1 Bd8 40. Bd2 Qb7 41. Ra4
Be7 42. Ra5 Bd8 43. Rxb5 Qxb5 44. Qc4 Qb7 45. Nf2 a5 46. Ne4 Ra8 47. Nd6 Qe7 48.
g5 Qc7 49. Qe4 Qe7 50. Rc4 Qa7 51. g6 fxg6 52. hxg6 h6 53. f5 Qe7 54. Qg4 exf5
55. Nxf5 Qf8 56. Bxh6 1-0

[Event "30th Andorra Open"]
[Site "Erts-La Massana AND"]
[Date "2012.07.22"]
[Round "2.9"]
[White "Simon Padros, Emili"]
[Black "Dgebuadze, Alexandre"]
[Result "0-1"]
[WhiteTitle "FM"]
[BlackTitle "GM"]
[WhiteElo "2242"]
[BlackElo "2563"]
[WhiteFideId "2205580"]
[BlackFideId "203882"]
[EventDate "2012.07.22"]

1. e4 e6 2. d4 d5 3. Nc3 Bb4 4. Ne2 dxe4 5. a3 Bxc3+ 6. Nxc3 Nc6 7. d5 Nce7 8.
Qg4 Kf8 9. dxe6 Nf6 10. Qf4 Bxe6 11. Be2 Qd6 12. Nb5 Qxf4 13. Bxf4 c6 14. Nd4
Bg4 15. f3 exf3 16. gxf3 Bh3 17. O-O-O Nfd5 18. Bd2 f6 19. c4 Nc7 20. Rhe1 Kf7
21. Bb4 Rhe8 22. Bd6 Ne6 23. Nc2 Nf5 24. c5 Nxd6 25. cxd6 Rad8 26. Bc4 Kf8 27.
b4 Ng5 28. Rxe8+ Kxe8 29. Re1+ Kd7 30. f4 Ne6 31. Bxe6+ Bxe6 32. Nd4 Re8 33. Kd2
g6 0-1

[Event "30th Andorra Open"]
[Site "Erts-La Massana AND"]
[Date "2012.07.22"]
[Round "2.10"]
[White "Arizmendi Martinez, Julen Luis"]
[Black "Castro, Jose Luis"]
[Result "0-1"]
[WhiteTitle "GM"]
[WhiteElo "2559"]
[BlackElo "2252"]
[WhiteFideId "2205092"]
[BlackFideId "3901831"]
[EventDate "2012.07.22"]

1. d4 Nf6 2. c4 g6 3. Nc3 Bg7 4. Nf3 O-O 5. Bg5 h6 6. Bh4 d6 7. h3 c6 8. e3 a6
9. Be2 b5 10. a3 Nbd7 11. O-O Rb8 12. Qc2 Bb7 13. Rad1 Qc7 14. Bg3 bxc4 15. Bxc4
c5 16. d5 Nb6 17. Ba2 c4 18. e4 Nfd7 19. h4 Nc5 20. h5 g5 21. Nd4 Bc8 22. Nf5
Bxf5 23. exf5 Bf6 24. f4 Rfc8 25. fxg5 hxg5 26. Kh1 Kg7 27. Bh2 Qd7 28. Rb1 Nba4
29. Bxc4 Nxb2 30. Rxb2 Rxb2 31. Qxb2 Na4 32. Qb3 Nxc3 33. Bxa6 Rc5 34. Qb7 Qa4
35. Bd3 Rxd5 36. Be2 Qh4 37. Bf3 Be5 0-1

[Event "30th Andorra Open"]
[Site "Erts-La Massana AND"]
[Date "2012.07.22"]
[Round "2.11"]
[White "Trigo Urquijo, Sergio"]
[Black "Marin, Mihail"]
[Result "0-1"]
[BlackTitle "GM"]
[WhiteElo "2231"]
[BlackElo "2548"]
[WhiteFideId "2262436"]
[BlackFideId "1200020"]
[EventDate "2012.07.22"]

1. d4 e6 2. c4 Bb4+ 3. Nd2 f5 4. g3 Nf6 5. Bg2 O-O 6. Nf3 a5 7. O-O b6 8. a3 Be7
9. Qc2 Bb7 10. Ne5 Bxg2 11. Kxg2 Qc8 12. b3 Qb7+ 13. Kg1 d6 14. Nef3 Nc6 15. Bb2
Nd8 16. Rac1 Ra7 17. d5 e5 18. Qxf5 Nxd5 19. Qe4 Nf6 20. Qxb7 Rxb7 21. Ng5 Nd7
22. Nge4 Ne6 23. e3 b5 24. cxb5 Rxb5 25. Nc3 Rb7 26. Nd5 Bd8 27. b4 axb4 28.
axb4 Rb5 29. e4 Nf6 30. Nxf6+ Bxf6 31. Bc3 Bg5 32. Kg2 c5 33. bxc5 Nxc5 34. f4
exf4 35. Nf3 Nxe4 36. h4 Be7 37. Bd4 Nxg3 38. Rc7 Nxf1 0-1

[Event "30th Andorra Open"]
[Site "Erts-La Massana AND"]
[Date "2012.07.22"]
[Round "2.15"]
[White "Ballester Llagaria, Luis Eduardo"]
[Black "Berczes, David"]
[Result "1/2-1/2"]
[BlackTitle "GM"]
[WhiteElo "2210"]
[BlackElo "2530"]
[WhiteFideId "2297620"]
[BlackFideId "722960"]
[EventDate "2012.07.22"]

1. e4 c6 2. Nc3 d5 3. Nf3 Bg4 4. h3 Bxf3 5. Qxf3 e6 6. d3 Nd7 7. Bd2 Ngf6 8. g4
Bb4 9. O-O-O d4 10. Nb1 Bxd2+ 11. Nxd2 Ne5 12. Qg3 Ng6 13. f4 Qc7 14. Qf2 Nxf4
15. Qxd4 e5 16. Qc3 O-O 17. Nf3 Rfe8 18. Nh4 Rad8 19. Ng2 Ne6 20. Be2 Nd7 21. h4
Qb6 22. Rhf1 Nd4 23. Rde1 Nc5 24. Qc4 Nce6 25. g5 Qa5 26. a3 b5 27. Qc3 Qb6 28.
Bg4 Nc5 29. Ne3 a5 30. Nf5 Na4 31. Qd2 Qc5 32. Qf2 Nxf5 33. Qxc5 Nxc5 34. exf5
b4 35. axb4 axb4 36. b3 f6 37. Bf3 Rd4 38. Be4 Red8 39. Rg1 Kf8 40. Rg2 Nxe4 41.
dxe4 R8d7 42. Rg4 R4d6 43. Reg1 c5 44. R4g3 Ra6 45. Kb2 fxg5 46. hxg5 Rda7 47.
Rb1 Ra2+ 48. Kc1 Rd7 49. Re3 Rd4 50. Re2 Kf7 51. Re3 h6 52. gxh6 gxh6 53. Rb2
Ra1+ 54. Rb1 Rxb1+ 55. Kxb1 Kf6 56. Rh3 Kg5 57. f6 Kxf6 58. Rxh6+ Ke7 59. Rc6
Rxe4 60. Rxc5 Kd6 61. Rc8 Kd7 62. Rc5 1/2-1/2

[Event "30th Andorra Open"]
[Site "Erts-La Massana AND"]
[Date "2012.07.22"]
[Round "2.17"]
[White "Archangelsky, Mikhail"]
[Black "Comas Fabrego, Lluis"]
[Result "0-1"]
[WhiteTitle "IM"]
[BlackTitle "GM"]
[WhiteElo "2195"]
[BlackElo "2514"]
[WhiteFideId "4117573"]
[BlackFideId "2200325"]
[EventDate "2012.07.22"]

1. d4 g6 2. e4 d6 3. Nf3 Nf6 4. Nc3 Bg7 5. Be2 O-O 6. O-O a6 7. Bf4 Nc6 8. Qd2
Bg4 9. d5 Bxf3 10. Bxf3 Ne5 11. Be2 Ned7 12. Rfe1 c6 13. Rad1 Qb6 14. b3 Rac8
15. Bc4 Rfe8 16. Re2 Nh5 17. Be3 Qa5 18. Nb1 Qxd2 19. Rexd2 Nhf6 20. f3 b5 21.
Bf1 cxd5 22. exd5 Rc7 23. c4 b4 24. Bd3 Nc5 25. Bc2 Nfd7 26. Re2 Bf6 27. Nd2 a5
28. Ne4 Nxe4 29. Bxe4 a4 30. Bc2 axb3 31. Bxb3 Nc5 32. Bxc5 Rxc5 33. Ba4 Ra8 34.
Bb5 Rc7 35. Rdd2 Ra3 36. Kf2 Rca7 37. Rc2 Kg7 38. Red2 Bc3 39. Re2 Bd4+ 40. Kg3
h5 41. h4 Kf6 42. Red2 Bc3 43. Re2 g5 44. hxg5+ Kxg5 45. Be8 Be5+ 46. Kf2 h4 47.
Ke1 Bf4 48. Rb2 Be5 49. Rbc2 f5 50. Bf7 Kf6 51. Bh5 Kg5 52. Be8 Kf4 53. Bh5 Kg3
54. Kd1 b3 55. axb3 Rxb3 56. Ra2 Rb1+ 0-1

[Event "30th Andorra Open"]
[Site "Erts-La Massana AND"]
[Date "2012.07.22"]
[Round "2.18"]
[White "Alonso Rosell, Alvar"]
[Black "Martinez Reyes, Pedro Ramon"]
[Result "1-0"]
[WhiteTitle "IM"]
[WhiteElo "2502"]
[BlackElo "2198"]
[WhiteFideId "2270544"]
[BlackFideId "3901807"]
[EventDate "2012.07.22"]

1. c4 e6 2. d4 d5 3. Nc3 Nf6 4. cxd5 exd5 5. Bg5 Be7 6. e3 O-O 7. Bd3 Nbd7 8.
Nge2 c6 9. Qc2 Re8 10. f3 Nf8 11. O-O Ng6 12. e4 dxe4 13. fxe4 Bg4 14. Bc4 Rf8
15. Bxf6 Bxf6 16. e5 Bg5 17. Qb3 Qe7 18. h3 b5 19. Bxf7+ Rxf7 20. Rxf7 Qxf7 21.
hxg4 Be3+ 22. Kh2 Rd8 23. Qxf7+ Kxf7 24. Ne4 Bxd4 25. Nd6+ Rxd6 26. exd6 Be5+
27. g3 Bxd6 28. Rd1 Be5 29. Rd2 c5 30. Rd5 Bxb2 31. Rxc5 a6 32. Rc7+ Ke6 33.
Nf4+ Kd6 34. Ra7 Ne5 35. Kh3 g5 36. Rxa6+ Nc6 37. Nd3 Bc3 38. Nf2 Kc7 39. Ne4
Bb4 40. Ra8 Nd8 41. Ra7+ Nb7 42. Nxg5 Be7 43. Nxh7 Kb6 1-0

[Event "30th Andorra Open"]
[Site "Erts-La Massana AND"]
[Date "2012.07.22"]
[Round "2.20"]
[White "Burg, Twan"]
[Black "Garcia, Raul"]
[Result "1-0"]
[WhiteTitle "IM"]
[BlackTitle "FM"]
[WhiteElo "2470"]
[BlackElo "2193"]
[WhiteFideId "1010697"]
[BlackFideId "6900020"]
[EventDate "2012.07.22"]

1. e4 c5 2. Nf3 b6 3. c4 Bb7 4. Nc3 e6 5. d4 cxd4 6. Nxd4 a6 7. a3 Qc7 8. Be2
Nf6 9. f3 d6 10. O-O Nbd7 11. Be3 Be7 12. Rc1 Rc8 13. b4 O-O 14. Kh1 Qb8 15. Nb3
Bd8 16. Na4 Re8 17. Bg1 Qa8 18. Qxd6 Bc7 19. Qd2 Red8 20. Qe1 Bc6 21. Nb2 Ne5
22. a4 Ng6 23. b5 axb5 24. cxb5 Be8 25. Rxc7 Rxc7 26. Bxb6 Rc2 27. Bxd8 Rxb2 28.
Bxf6 gxf6 29. Nc5 Qa7 30. Nd3 Ra2 31. Bd1 Qd4 32. Bb3 Ra3 33. Qb1 Nh4 34. Qc2
Bd7 35. Rd1 Qe3 36. Qc1 Qe2 37. Nf4 1-0

[Event "30th Andorra Open"]
[Site "Erts-La Massana AND"]
[Date "2012.07.24"]
[Round "4.3"]
[White "Burg, Twan"]
[Black "Peralta, Fernando"]
[Result "1/2-1/2"]
[WhiteTitle "IM"]
[BlackTitle "GM"]
[WhiteElo "2470"]
[BlackElo "2602"]
[WhiteFideId "1010697"]
[BlackFideId "105309"]
[EventDate "2012.07.21"]

1. e4 d6 2. d4 Nf6 3. Nc3 g6 4. f4 Bg7 5. Nf3 c5 6. Bb5+ Bd7 7. e5 Ng4 8. e6
Bxb5 9. exf7+ Kd7 10. Nxb5 Qa5+ 11. Nc3 h5 12. h3 cxd4 13. Nxd4 Nc6 14. hxg4
Bxd4 15. Bd2 hxg4 16. Qxg4+ Qf5 17. Qxf5+ gxf5 18. Ke2 Bg7 19. Nd5 Raf8 20. Bc3
Bxc3 21. Nxc3 Rxh1 22. Rxh1 Rxf7 23. Nd5 Nd4+ 24. Kf2 Nxc2 25. Rc1 e6 26. Rxc2
exd5 27. Rd2 Kc6 28. Rc2+ Kd7 29. Rd2 Ke6 30. Re2+ Kf6 31. Rd2 Rc7 32. Rxd5 Rc2+
33. Kf3 Rxb2 34. Rxd6+ Ke7 35. Rh6 Rxa2 36. Rh7+ Ke6 37. Rxb7 Ra3+ 38. Ke2 a5
39. Rg7 a4 40. Kd2 Ra1 41. g4 fxg4 42. Rxg4 Kf5 1/2-1/2